| 000 | 00443 a2200157 4500 | ||
|---|---|---|---|
| 005 | 20250520091259.0 | ||
| 020 | _a978-0-07337784-1 | ||
| 082 | _a658.5 STE | ||
| 100 | _aSTEVENSON, W. J. | ||
| 245 | _aOperations Management. | ||
| 250 | _a10th Ed. | ||
| 260 |
_aNew York, _bMcGraw Hill, _c2009. |
||
| 300 |
_axxxii, 906p.: ill.; figure, picture, table _bIndex _c28cm |
||
| 856 |
_yAccess Online Book _fManagement _dwww.mhhe.com |
||
| 942 |
_2ddc _cBKS |
||
| 999 |
_c2475 _d2475 |
||